Central Library OPAC University of Rajshahi

The archeology of world religions : (Record no. 40676)

MARC details
000 -LEADER
fixed length control field 00848nam a2200241 a 4500
001 - CONTROL NUMBER
control field 40676
003 - CONTROL NUMBER IDENTIFIER
rucl marc code BD-RjUL
005 - DATE AND TIME OF LATEST TRANSACTION
control field 20211209053250.0
008 - FIXED-LENGTH DATA ELEMENTS--GENERAL INFORMATION
fixed length control field 160508t19661952njua 001 0 eng
020 ## - INTERNATIONAL STANDARD BOOK NUMBER
Terms of availability : Sh.142.00
035 ## - SYSTEM CONTROL NUMBER
System control number (BD-RjUL) 40791
040 ## - CATALOGING SOURCE
Original cataloging agency BD-RjUL
Modifying agency BD-RjUL
Language of cataloging eng
Transcribing agency BD-RjUL
041 ## - LANGUAGE CODE
Language code of text/sound track or separate title eng
082 ## - DEWEY DECIMAL CLASSIFICATION NUMBER
Edition number 23
Classification number 290
Author mark and year FIA 1966
100 1# - MAIN ENTRY--PERSONAL NAME
Personal name Finegan, Jack,
Dates associated with a name 1908- [from old catalog]
9 (RLIN) 125144
245 14 - TITLE STATEMENT
Title The archeology of world religions :
Remainder of title the background of primitivism, Zoroastrianism, Hinduism, Jainism, Buddhism, Confucianism, Taoism, Shinto, Islam, and Sikhism /
Statement of responsibility, etc. Jack Finegan
260 ## - PUBLICATION, DISTRIBUTION, ETC. (IMPRINT)
Place of publication, distribution, etc. Princeton :
Name of publisher, distributor, etc. Princeton University Press,
Date of publication, distribution, etc. c1952 [Printing 1960].
300 ## - PHYSICAL DESCRIPTION
Pagination xl, 599 p. :
Illustrations ill. ;
Size 24 semi.
500 ## - GENERAL NOTE
General note Includes index
650 #0 - SUBJECT ADDED ENTRY--TOPICAL TERM
Topical term or geographic name as entry element Religions
General subdivision History.
9 (RLIN) 125145
942 ## - ADDED ENTRY ELEMENTS (KOHA)
Source of classification or shelving scheme Dewey Decimal Classification
Koha item type Books
Holdings
Lost status Source of classification or shelving scheme Damaged status Not for loan Collection code Permanent Location Current Location Shelving location Date acquired Source of acquisition Cost, normal purchase price Total Checkouts Full call number Date last seen Date checked out Copy number Koha item type
  Dewey Decimal Classification     Non-fiction Central Library, University of Rajshahi Central Library, University of Rajshahi   14/07/1987 Zeitlinger 142.00 1 290 FIA 1966 30/07/2017 10/07/2017 C-2 Books
  Dewey Decimal Classification   Not For Loan Non-fiction Central Library, University of Rajshahi Central Library, University of Rajshahi Reading Room 17/01/1958 Spalding trust, gratis     290 FIA 1952 04/12/2016   C-1 Books